Annual review of materials science (Record no. 55416)
[ view plain ]
| 000 -LEADER | |
|---|---|
| fixed length control field | 00653nam a22001457a 4500 |
| 008 - FIXED-LENGTH DATA ELEMENTS--GENERAL INFORMATION | |
| fixed length control field | 230721b |||||||| |||| 00| 0 eng d |
| 040 ## - CATALOGING SOURCE | |
| Original cataloging agency | National Science Library |
| Transcribing agency | National Science Library |
| 080 ## - UNIVERSAL DECIMAL CLASSIFICATION NUMBER | |
| Universal Decimal Classification number | 66.002.3(05) |
| 245 ## - TITLE STATEMENT | |
| Title | Annual review of materials science |
| 260 ## - PUBLICATION, DISTRIBUTION, ETC. | |
| Place of publication, distribution, etc. | Palo Alto: |
| Name of publisher, distributor, etc. | Annual Review Inc, |
| Date of publication, distribution, etc. | 1981 |
| 500 ## - GENERAL NOTE | |
| General note | Vol. 1 (Annual review of materials science) ix, 420p. <br/>Vol. 15 (Annual review of materials science) , 589p. <br/>Vol. 11 (Annual review of materials science0 , 583p.<br/>Vol. 16 (Annual review of materials science) , viii, 571p. |
| 650 ## - SUBJECT ADDED ENTRY--TOPICAL TERM | |
| Topical term or geographic name entry element | Chemical technology |
| 700 ## - ADDED ENTRY--PERSONAL NAME | |
| Personal name | Huggins, Robert A (Ed.) |
| 942 ## - ADDED ENTRY ELEMENTS (KOHA) | |
| Koha item type | Books |
| Source of classification or shelving scheme | Universal Decimal Classification |
| Withdrawn status | Lost status | Source of classification or shelving scheme | Damaged status | Not for loan | Home library | Current library | Shelving location | Date acquired | Serial Enumeration / chronology | Total Checkouts | Full call number | Barcode | Date last seen | Price effective from | Koha item type |
|---|---|---|---|---|---|---|---|---|---|---|---|---|---|---|---|
| Universal Decimal Classification | National Science Library | National Science Library | FF/Rk-47/C-1/R-2 | 21/08/1982 | Vol. 11 (Annual review of materials science0 , 583p. | 66.002.3(05) | 80455 | 26/07/2023 | 21/08/1982 | Books |